header

Technically speaking (Record no. 63076)

MARC details
000 -LEADER
fixed length control field 01321nam a22003014a 4500
082 04 - DEWEY DECIMAL CLASSIFICATION NUMBER
Classification number 607.1/073
245 00 - TITLE STATEMENT
Title Technically speaking
260 ## - PUBLICATION, DISTRIBUTION, ETC. (IMPRINT)
Place of publication Washington, D.C. :
Name of publisher National Academy Press,
Year of publication c2002.
300 ## - PHYSICAL DESCRIPTION
Number of Pages xii, 156 p. :
Other physical details ill.
500 ## - GENERAL NOTE
General note Includes bibliographical references and index.
650 #0 - SUBJECT ADDED ENTRY--TOPICAL TERM
Topical Term Technology
700 1# - ADDED ENTRY--PERSONAL NAME
Personal name Pearson, Greg.
Personal name Young, A. Thomas.
856 40 - ELECTRONIC LOCATION AND ACCESS
Uniform Resource Identifier http://site.ebrary.com/lib/rucke/Doc?id=10032442

No items available.

© 2026 Rongo University
Contact us: librarian | system librarian | Rongo university